| 000 | 00392pab a2200145 454500 | ||
|---|---|---|---|
| 008 | 180718b1983 xxu||||| |||| 00| 0 eng d | ||
| 100 | _aAcharya, Sarthi | ||
| 245 | _aOn the productivity critierion of umemployment in poor agrarian economies | ||
| 260 | _c1983 | ||
| 300 | _a133-51 | ||
| 362 | _aJan. | ||
| 650 | _aUnemployment - India | ||
| 773 | _aDevelopment and Change | ||
| 909 | _a19999 | ||
| 999 |
_c19999 _d19999 |
||